000 01678nam a2200349 a 4500
001 ebr10512338
003 CaPaEBR
006 m u
007 cr cn|||||||||
008 111206s2011 enka sb 000 0 eng d
020 _z9780857247155
020 _z9780857247162 (e-book)
040 _aCaPaEBR
_cCaPaEBR
035 _a(OCoLC)762192683
050 1 4 _aRA393
_b.A23 2011eb
245 0 0 _aAccess to care and factors that impact access, patients as partners in care and changing roles of health providers
_h[electronic resource] /
_cedited by Jennie Jacobs Kronenfeld.
250 _a1st ed.
260 _aBingley [England] :
_bEmerald Insight,
_c2011.
300 _axi, 297 p. :
_bill. (some col.).
490 1 _aResearch in the sociology of health care,
_x0275-4959 ;
_vv. 29
504 _aIncludes bibliographical references.
505 0 _asection 1. Systems of health-care delivery and sociological issues -- section 2. Providers of care -- section 3. Patients as consumers of health-care services -- section 4. Health-care systems : modifications and reforms.
533 _aElectronic reproduction.
_bPalo Alto, Calif. :
_cebrary,
_d2013.
_nAvailable via World Wide Web.
_nAccess may be limited to ebrary affiliated libraries.
650 0 _aHealth services accessibility.
650 0 _aMedical personnel and patient.
650 0 _aMedical care.
655 7 _aElectronic books.
_2local
700 1 _aKronenfeld, Jennie J.
710 2 _aebrary, Inc.
830 0 _aResearch in the sociology of health care ;
_vv. 29.
856 4 0 _uhttp://site.ebrary.com/lib/rucke/Doc?id=10512338
_zAn electronic book accessible through the World Wide Web; click to view
999 _c119942
_d119942